000 01023nam a2200277#a 4500
001 01124
003 HDC
007 ta
008 230623s2009 xx 000 0 eng d
040 _aHDC
050 _aHD 58
_b.H35 2009
110 _aHalal Industry Development Corporation
245 0 _aHDC designated Halal Parks development guidelines /
_cHalal Industry Development Corporation
264 _aSelangor :
_bHalal Industry development Corportaion,
_cc2009.
300 _a77p. ;
_b ill. ;
_c 29cm
650 _aBusiness relocation
_vHandbooks, manuals, etc.
650 _aIndustrial location
_vHandbooks, manuals, etc.
650 _aIndustrial sites
_vHandbooks, manuals, etc.
650 _aInternational business enterprises
_xLocation
_vHandbooks, manuals, etc.
700 _aInternational business enterprises
_xLocation
_vHandbooks, manuals, etc.
700 _aInternational business enterprises
_xLocation
_vHandbooks, manuals, etc.
942 _2lcc
942 _cBK
942 _kHD 58
942 _m.H35 2009
999 _c22697
_d22697